000 01191nam0a22002531 4500
001 rc\3195458
005 20260407094604.0
021 _aRU
_bРг324-77
021 _aRU
_b77-80488
035 _a(NLR Aleph) 007342355
090 _a6122624
_c6122624
100 _a20120628d1976 |||y0rusy50 ca
101 0 _arus
102 _aRU
105 _ay z |||||
200 1 _aМатериальное стимулирование роста производительности труда и увеличение производства продукции с меньшей численностью работающих в колхозах и межхозяйственных комплексах
_eМетод. рекомендации
_eПроект
_fМ-во с. х. РСФСР. Всерос. НИИ труда и упр. в сел. хоз-ве
210 _aНовосибирск
_cБ. и.
_d1976
215 _a47 с.
_d21
712 0 2 _aВсероссийский НИИ труда и управления в сельском хозяйстве
_3RU\NLR\AUTH\889920339
_9336876
801 0 _aRU
_bNLR
_gpsbo
801 1 _aRU
_bELAR
_2rusmarc
852 _aNLR
_j76-4/31600
942 _cBOOK
980 _aNB